[Event "AUTO-ELITE-2536"]
[Site "http://www.queenalice.com/game.php?id=1836947"]
[Date "2024.5.16"]
[Round "1"]
[White "Sexxy_Bunny"]
[Black "artur59"]
[Result "1-0"]
[WhiteElo "2696"]
[BlackElo "2571"]

1. e4 c5 2. Nf3 d6 3. d4 cxd4 4. Nxd4 Nf6 5. Nc3 a6 6. Be3 e5 7. Nb3 Be6 8. f3
h5 9. Qd2 Nbd7 10. Nd5 Bxd5 11. exd5 g6 12. Be2 Bg7 13. O-O b6 14. c4 a5 15.
Rae1 O-O 16. Na1 h4 17. Nc2 Nh5 18. Na3 Nf4 19. Nb5 Nc5 20. Kh1 h3 21. Bxf4 exf4
22. Qxf4 hxg2+ 23. Kxg2 Qe7 24. Kh1 Rad8 25. b3 Rfe8 26. Qg3 Qf6 27. f4 Ne4 28.
Qg1 1-0

[Event "AUTO-ELITE-2536"]
[Site "http://www.queenalice.com/game.php?id=1836948"]
[Date "2024.5.16"]
[Round "1"]
[White "artur59"]
[Black "Sexxy_Bunny"]
[Result "0-1"]
[WhiteElo "2513"]
[BlackElo "2701"]

1. e4 c5 2. Nf3 d6 3. d4 cxd4 4. Nxd4 Nf6 5. Nc3 a6 6. h3 e5 7. Nde2 h5 8. g3
Be6 9. Bg2 b5 10. O-O Nbd7 11. Be3 Be7 12. Nd5 Nxd5 13. exd5 Bf5 14. f4 Rc8 15.
c3 Bh7 16. fxe5 dxe5 17. d6 Bg5 18. Qc1 Bxe3+ 19. Qxe3 O-O 20. Rad1 Rb8 21. b3
Bg6 22. Rd2 Qb6 23. Qxb6 Rxb6 24. g4 hxg4 25. hxg4 Rd8 26. Ng3 Kf8 27. Rfd1 Rc8
0-1

[Event "AUTO-OPEN-4528"]
[Site "http://www.queenalice.com/game.php?id=1837082"]
[Date "2024.5.19"]
[Round "1"]
[White "artur59"]
[Black "mestreRJ"]
[Result "0-1"]
[WhiteElo "2558"]
[BlackElo "2715"]

1. e4 e6 2. d4 d5 3. Nc3 dxe4 4. Nxe4 Nd7 5. Nf3 Ngf6 6. Nxf6+ Nxf6 7. Bd3 c5 8.
Be3 Qb6 9. Qe2 Bd7 10. O-O Be7 11. dxc5 Bxc5 12. Bd2 Be7 13. b4 O-O 14. a4 Rfd8
15. b5 a6 16. c4 Be8 17. Be3 Bc5 18. a5 Qc7 19. b6 Qe7 20. Rfd1 Rac8 21. h3 Bb4
22. Qb2 Bd6 0-1

[Event "AUTO-OPEN-4528"]
[Site "http://www.queenalice.com/game.php?id=1837083"]
[Date "2024.5.19"]
[Round "1"]
[White "mestreRJ"]
[Black "artur59"]
[Result "1-0"]
[WhiteElo "2709"]
[BlackElo "2586"]

1. e4 c5 2. c3 Nf6 3. e5 Nd5 4. d4 cxd4 5. Nf3 Nc6 6. cxd4 d6 7. Bc4 Nb6 8. Bb5
dxe5 9. Nxe5 Bd7 10. Nxd7 Qxd7 11. Nc3 e6 12. O-O Rd8 13. Be3 Be7 14. Qg4 O-O
15. Rad1 Rfe8 16. d5 Nxd5 17. Nxd5 exd5 18. Qxd7 Rxd7 19. Bxa7 Ra8 20. Bb6 Rxa2
21. Ra1 Rxa1 22. Rxa1 1-0

[Event "AUTO-OPEN-4528"]
[Site "http://www.queenalice.com/game.php?id=1837084"]
[Date "2024.5.19"]
[Round "1"]
[White "artur59"]
[Black "Charles56"]
[Result "1-0"]
[WhiteElo "2590"]
[BlackElo "1775"]

1. e4 e5 2. Nf3 d6 3. d4 exd4 4. Nxd4 h6 5. Nc3 Bd7 6. Be3 a6 7. Qd2 Nc6 8.
O-O-O Be7 9. f4 Bg4 10. Be2 Bxe2 11. Nxc6 bxc6 12. Qxe2 Nf6 13. e5 Nd7 14. Qc4
c5 15. e6 fxe6 16. Qxe6 Nf8 17. Qe4 Ra7 18. Bxc5 Rb7 19. Qxb7 Nd7 20. Bd4 Rg8
21. Rhe1 Kf7 22. Nd5 Re8 23. Nxc7 Qb8 24. Qd5+ Kf8 25. Ne6+ Kg8 26. Ng5+ Kh8 27.
Bxg7+ Kxg7 28. Qf7+ 1-0

[Event "AUTO-OPEN-4528"]
[Site "http://www.queenalice.com/game.php?id=1837085"]
[Date "2024.5.19"]
[Round "1"]
[White "Charles56"]
[Black "artur59"]
[Result "0-1"]
[WhiteElo "1692"]
[BlackElo "2589"]

1. e4 c5 2. Nc3 Nc6 3. a3 g6 4. Nf3 Bg7 5. d3 d6 6. h3 e5 7. Nd5 Nge7 8. Bg5 h6
9. Bxe7 Nxe7 10. Nxe7 Qxe7 11. c3 Be6 12. g4 a6 13. b4 d5 14. exd5 Bxd5 15. bxc5
e4 16. dxe4 Bxc3+ 17. Nd2 Bxe4 18. Rg1 O-O-O 19. Ra2 Bc2+ 0-1

[Event "AUTO-OPEN-4528"]
[Site "http://www.queenalice.com/game.php?id=1837086"]
[Date "2024.5.19"]
[Round "1"]
[White "artur59"]
[Black "game"]
[Result "1-0"]
[WhiteElo "2586"]
[BlackElo "1539"]

1. e4 d6 2. d4 Nf6 3. Nc3 e5 4. Nf3 exd4 5. Nxd4 d5 6. Bg5 dxe4 7. Nxe4 h6 8.
Nxf6+ gxf6 9. Qe2+ Be6 10. O-O-O fxg5 11. Nxe6 Qc8 12. Ng7# 1-0

[Event "AUTO-OPEN-4528"]
[Site "http://www.queenalice.com/game.php?id=1837087"]
[Date "2024.5.19"]
[Round "1"]
[White "game"]
[Black "artur59"]
[Result "0-1"]
[WhiteElo "1479"]
[BlackElo "2591"]

1. e4 c5 2. Nf3 d6 3. Ng5 Nf6 4. Bc4 e6 5. d4 h6 6. Nh3 cxd4 7. Nf4 Nxe4 8. Qxd4
d5 9. Bb5+ Bd7 10. Nc3 Bxb5 11. Nxb5 Nc6 12. Qa4 Nc5 13. Qa3 Qb6 14. Nd6+ Bxd6
15. Be3 Ne4 16. Qa4 Qxb2 17. Rd1 Bxf4 18. Bxf4 Nc5 19. Bc1 Qe5+ 20. Be3 Nxa4 21.
O-O d4 22. Bd2 Qf5 23. f4 Qxc2 24. f5 e5 25. f6 gxf6 26. h4 Nc3 27. Bxc3 dxc3
28. Rc1 Qe4 29. Rxc3 Rg8 30. Rcf3 Nd4 31. R3f2 Rc8 32. Re1 Qxe1+ 0-1

[Event "AUTO-OPEN-3302"]
[Site "http://www.queenalice.com/game.php?id=1837274"]
[Date "2024.5.22"]
[Round "3"]
[White "princesher"]
[Black "artur59"]
[Result "0-1"]
[WhiteElo "1994"]
[BlackElo "2593"]

1. e4 c5 2. d3 Nc6 3. c3 d5 4. exd5 Qxd5 5. h3 e5 6. Qf3 Qd8 7. g4 h5 8. Bg2 Be6
9. Ne2 Qd7 10. a3 O-O-O 11. Bg5 f6 12. Be3 hxg4 13. hxg4 Rxh1+ 14. Bxh1 Bxg4 15.
Qe4 f5 16. Qc4 f4 17. Bxc6 Qxc6 18. Bc1 Nf6 19. Kd2 b5 20. Qf7 c4 21. d4 Qf3 22.
Kc2 Qd3# 0-1

[Event "AUTO-OPEN-3302"]
[Site "http://www.queenalice.com/game.php?id=1837275"]
[Date "2024.5.22"]
[Round "3"]
[White "artur59"]
[Black "princesher"]
[Result "1-0"]
[WhiteElo "2592"]
[BlackElo "1996"]

1. d4 d5 2. c4 c6 3. Nf3 dxc4 4. e3 Bg4 5. Bxc4 Bxf3 6. Qxf3 Nf6 7. O-O e6 8.
Rd1 Bd6 9. e4 Bc7 10. e5 Nfd7 11. Qg3 g6 12. Bg5 Qc8 13. Nd2 b5 14. Qa3 Bd8 15.
Ne4 Qa6 16. Nd6+ Kf8 17. Bh6+ Kg8 18. Bxe6 fxe6 19. Qf3 Bf6 20. exf6 Nxf6 21.
Qxf6 Nd7 22. Qf7# 1-0

[Event "AUTO-OPEN-3302"]
[Site "http://www.queenalice.com/game.php?id=1837278"]
[Date "2024.5.22"]
[Round "3"]
[White "artur59"]
[Black "alvm"]
[Result "0-1"]
[WhiteElo "2475"]
[BlackElo "2064"]

1. e4 c6 2. d4 d5 3. e5 Bf5 4. Nf3 e6 5. Be2 c5 6. Be3 Nc6 7. dxc5 Qc7 8. c3
Nxe5 9. Nxe5 Qxe5 10. Qa4+ Kd8 11. Na3 Nf6 12. Nb5 Nd7 13. Qa5+ Kc8 14. Nxa7+
Kb8 15. Qd8+ Kxa7 16. Qa5+ Kb8 17. Qd8+ Ka7 18. Qxd7 Kb8 19. Qd8+ Ka7 0-1

[Event "AUTO-OPEN-3302"]
[Site "http://www.queenalice.com/game.php?id=1837279"]
[Date "2024.5.22"]
[Round "3"]
[White "alvm"]
[Black "artur59"]
[Result "1-0"]
[WhiteElo "2094"]
[BlackElo "2460"]

1. d4 Nf6 2. c4 g6 3. Nc3 Bg7 4. e4 d6 5. Nf3 O-O 6. Bd3 e5 7. O-O exd4 8. Nxd4
Nc6 9. Nxc6 bxc6 10. Re1 Rb8 11. Rb1 Ng4 12. h3 Ne5 13. Bf4 g5 14. Bg3 a5 15.
Qe2 Nxd3 16. Qxd3 f5 17. f3 h5 18. b3 1-0

[Event "AUTO-ELITE-2537"]
[Site "http://www.queenalice.com/game.php?id=1837346"]
[Date "2024.5.23"]
[Round "1"]
[White "raulzampronha"]
[Black "artur59"]
[Result "0-1"]
[WhiteElo "2310"]
[BlackElo "2599"]

1. d4 Nf6 2. c4 e6 3. Nf3 d5 4. g3 dxc4 5. Bg2 a6 6. O-O Nc6 7. e3 Bd7 8. Nc3
Bd6 9. Qe2 O-O 10. Qxc4 b5 11. Qe2 e5 12. dxe5 Nxe5 13. Nxe5 Bxe5 14. Bxa8 Qxa8
15. f4 Bxc3 16. bxc3 Qe4 17. Qf3 Qc4 18. e4 Bc6 19. Be3 Nxe4 20. Bd4 Nf6 0-1

[Event "AUTO-ELITE-2537"]
[Site "http://www.queenalice.com/game.php?id=1837347"]
[Date "2024.5.23"]
[Round "1"]
[White "artur59"]
[Black "raulzampronha"]
[Result "1-0"]
[WhiteElo "2594"]
[BlackElo "2294"]

1. e4 c5 2. Nf3 e6 3. d4 cxd4 4. Nxd4 Nf6 5. Nc3 d6 6. g4 h6 7. h4 Nc6 8. Rg1 d5
9. exd5 Nxd5 10. Nxd5 exd5 11. Be3 Qxh4 12. Qf3 Qd8 13. Bb5 Qd6 14. O-O-O Be7
15. Nxc6 bxc6 16. Rxd5 1-0

[Event "AUTO-ELITE-2537"]
[Site "http://www.queenalice.com/game.php?id=1837352"]
[Date "2024.5.23"]
[Round "1"]
[White "artur59"]
[Black "trompmaster"]
[Result "0-1"]
[WhiteElo "2509"]
[BlackElo "2461"]

1. e4 d6 2. d4 Nf6 3. Nc3 e5 4. Nf3 Nbd7 5. Bc4 h6 6. O-O c6 7. a4 Be7 8. Re1
Qc7 9. h3 g5 10. a5 Nf8 11. d5 Ng6 12. a6 b5 13. Bb3 Bd7 14. dxc6 Bxc6 15. Nh2
O-O 16. Ng4 Nxg4 17. Qxg4 Nf4 18. g3 Bd7 19. Qd1 Ne6 20. Nd5 Qd8 21. Bd2 Rc8 22.
Ne3 Kh7 23. Bd5 Rg8 24. Nf5 Bc6 0-1

[Event "AUTO-ELITE-2537"]
[Site "http://www.queenalice.com/game.php?id=1837353"]
[Date "2024.5.23"]
[Round "1"]
[White "trompmaster"]
[Black "artur59"]
[Result "1-0"]
[WhiteElo "2451"]
[BlackElo "2553"]

1. Nf3 Nf6 2. d4 g6 3. Bg5 Bg7 4. Nbd2 O-O 5. c3 d6 6. e4 c5 7. dxc5 dxc5 8. Bc4
Nc6 9. O-O Qc7 10. a4 h6 11. Bxf6 exf6 12. Nh4 Kh7 13. f4 Bd7 14. f5 g5 15. Nhf3
g4 16. Ne1 h5 17. Nd3 Bh6 18. Bd5 Rad8 19. Kh1 Kg7 20. g3 Rfe8 21. c4 a6 22. Nb1
1-0

[Event "AUTO-OPEN-4529"]
[Site "http://www.queenalice.com/game.php?id=1837375"]
[Date "2024.5.24"]
[Round "1"]
[White "Numberzero"]
[Black "artur59"]
[Result "0-1"]
[WhiteElo "1666"]
[BlackElo "2596"]

1. e4 e5 2. Nf3 Nc6 3. d4 exd4 4. Nxd4 Bc5 5. Be3 Qf6 6. c3 Nge7 7. Bb5 O-O 8.
O-O d6 9. Nxc6 bxc6 10. Ba4 Bxe3 11. fxe3 Qg5 12. Qf3 Rb8 13. Bb3 Ba6 14. Rf2
Ng6 15. Nd2 Ne5 16. Qf5 Qxe3 17. Re1 Qxe1+ 0-1

[Event "AUTO-OPEN-4529"]
[Site "http://www.queenalice.com/game.php?id=1837376"]
[Date "2024.5.24"]
[Round "1"]
[White "artur59"]
[Black "Numberzero"]
[Result "1-0"]
[WhiteElo "2597"]
[BlackElo "1673"]

1. e4 e5 2. Nf3 Nc6 3. Bb5 a6 4. Ba4 Nf6 5. O-O b5 6. Bb3 Be7 7. Re1 O-O 8. h3
Bc5 9. c3 d6 10. d4 exd4 11. cxd4 Ba7 12. Nc3 Na5 13. Bc2 Re8 14. Bg5 h6 15.
Bxf6 Qxf6 16. Nd5 Qd8 17. Qd3 g6 18. Qd2 1-0

[Event "AUTO-OPEN-4529"]
[Site "http://www.queenalice.com/game.php?id=1837399"]
[Date "2024.5.24"]
[Round "1"]
[White "bonow"]
[Black "artur59"]
[Result "1-0"]
[WhiteElo "2200"]
[BlackElo "2528"]

1. c4 e5 2. g3 Nf6 3. Bg2 d5 4. b3 d4 5. d3 Nc6 6. Nf3 Bb4+ 7. Bd2 a5 8. O-O O-O
9. a3 Bc5 10. h3 e4 11. Ng5 e3 12. fxe3 dxe3 13. Bc1 Nh5 14. Ne4 Bd4 15. Ra2 f5
16. Nec3 1-0

[Event "AUTO-OPEN-4529"]
[Site "http://www.queenalice.com/game.php?id=1837400"]
[Date "2024.5.24"]
[Round "1"]
[White "artur59"]
[Black "bonow"]
[Result "0-1"]
[WhiteElo "2543"]
[BlackElo "2177"]

1. e4 c5 2. Nf3 Nc6 3. d4 cxd4 4. Nxd4 d6 5. Nc3 e5 6. Nf3 Nf6 7. Be2 Be7 8. O-O
O-O 9. Re1 Be6 10. Bf1 Qa5 11. Nd2 Rad8 12. Nc4 Bxc4 13. Bxc4 Nd4 14. Nd5 Nxd5
15. Bxd5 Qa4 16. b3 Qd7 17. Be3 Rc8 0-1

[Event "AUTO-OPEN-4529"]
[Site "http://www.queenalice.com/game.php?id=1837413"]
[Date "2024.5.24"]
[Round "1"]
[White "josebaron"]
[Black "artur59"]
[Result "1-0"]
[WhiteElo "2177"]
[BlackElo "2601"]

1. e4 c5 2. Nf3 d6 3. Bb5+ Bd7 4. Bxd7+ Qxd7 5. O-O Nc6 6. Nc3 Nf6 7. Re1 e6 8.
d3 Be7 9. a4 O-O 10. a5 Ng4 11. h3 Nge5 12. Nxe5 dxe5 13. Be3 Rab8 14. Qd2 f5
15. Bg5 Bxg5 16. Qxg5 f4 17. f3 1-0

[Event "AUTO-OPEN-4529"]
[Site "http://www.queenalice.com/game.php?id=1837414"]
[Date "2024.5.24"]
[Round "1"]
[White "artur59"]
[Black "josebaron"]
[Result "1-0"]
[WhiteElo "2598"]
[BlackElo "2175"]

1. e4 e5 2. Nf3 Nc6 3. Bb5 d6 4. d4 exd4 5. Nxd4 Bd7 6. Nc3 Be7 7. O-O Nf6 8.
Re1 O-O 9. Bxc6 Bxc6 10. Nf5 Re8 11. Bg5 h6 12. Bh4 Bf8 13. f4 Kh7 14. Qd4 d5
15. exd5 Bxd5 16. Bxf6 1-0